Mis amigos los piratas /
El pequeño Julián vive la aventura de su vida un día en que los piratas de Barbatrenzada le piden que los acompañe a enterrar un tesoro. A bordo del barco pirata, Julián disfruta de lo lindo: aprende el divertido lenguaje de los bucaneros, imita sus toscos modales y come sólo lo que le apetece sin q...
Guardado en:
| Autor Principal: | |
|---|---|
| Otros Autores: | , |
| Formato: | Libro |
| Publicado: |
Buenos Aires :
Vicens Vives,
2013
|
| Series: | Piñata
|
| Materias: | |
| Etiquetas: |
Agregar Etiqueta
Sin Etiquetas, Sea el primero en etiquetar este registro!
|
| LEADER | 01345nam a22002775a 4500 | ||
|---|---|---|---|
| 001 | CEM.cems015454 | ||
| 008 | 130507s2013##################000#0#####d | ||
| 005 | 20250407182050.0 | ||
| 245 | 1 | 0 | |a Mis amigos los piratas / |c Melinda Long ; ilustrado Por David Shannon ; traducido Por Miguel Tristán |
| 260 | |a Buenos Aires : |b Vicens Vives, |c 2013 | ||
| 300 | |a 48 p. | ||
| 490 | 0 | |a Piñata | |
| 520 | |a El pequeño Julián vive la aventura de su vida un día en que los piratas de Barbatrenzada le piden que los acompañe a enterrar un tesoro. A bordo del barco pirata, Julián disfruta de lo lindo: aprende el divertido lenguaje de los bucaneros, imita sus toscos modales y come sólo lo que le apetece sin que nadie le riña. Pero cuando ya tiene decidido convertirse en pirata, algo ocurre que le hace cambiar de opinión... | ||
| 500 | |a Incluye actividades. | ||
| 020 | |a 9789871291533 | ||
| 100 | 1 | |a Long, Melinda | |
| 700 | 1 | |a Shannon, David; il. | |
| 700 | 1 | |a Tristán, Miguel; trad. | |
| 082 | 0 | 4 | |a 818.3 |
| 653 | |a Literatura | ||
| 653 | |a Literatura estadounidense | ||
| 653 | |a Literatura infantil | ||
| 653 | |a Cuentos infantiles | ||
| 653 | |a Colección ciencias de la educación | ||
| 859 | |a CEMS |b BIB. CEMS - Inicial y Primaria |h 818.3 |i L850 |k IP |p 4231 |t Ej.1 | ||
| 859 | |a CEMS |b BIB. CEMS - Ccias. Educacion |h 818.3 |i L850 |k CE |p 28941.19 |t Ej.1 | ||
